Statistics for Countries of the Extreme Points of Each Continent

Click here to take the quiz!

General Stats

  • This quiz has been taken 254 times
  • The average score is 19 of 20

Answer Stats

ContinentExtreme PointCountry% Correct
North AmericaEasternmost, NorthernmostCanada
99%
Asia, EuropeEasternmost, Northernmost (Asia), Easternmost (Europe)Russia
99%
EuropeNorthenmostNorway
98%
AfricaSouthernmostSouth Africa
98%
North AmericaWesternmostUnited States
98%
South AmericaEasternmostBrazil
97%
South AmericaWesternmost, SouthernmostChile
97%
North AmericaSouthernmostPanama
97%
AfricaNorthernmostTunisia
97%
AsiaSouthernmostIndonesia
96%
OceaniaSouthernmostNew Zealand
96%
OceaniaWesternmostAustralia
95%
South AmericaNorthernmostColombia
95%
EuropeWesternmostPortugal
95%
EuropeSouthernmostGreece
94%
AsiaWesternmostTurkey
94%
AfricaWesternmostCape Verde
88%
OceaniaEasternmostKiribati
85%
OceaniaNorthernmostMarshall Islands
85%
AfricaEasternmostMauritius
84%

Score Distribution

Percentile by Number Answered

Percent of People with Each Score

Your Score History

You have not taken this quiz